MLB and NBA MVP'S - Statistics

General Stats
  • This quiz has been taken 35 times
    6 since last reset
  • The average score is 121 of 181
Answer Stats
Hint Answer % Correct
2022 MLB MVP(AL) | 2024 MLB MVP(AL) Aaron Judge
100%
1990 MLB MVP(NL) | 1992 MLB MVP(NL) | 1993 MLB MVP(NL) | +4 others Barry Bonds
100%
2014 MLB MVP(NL) Clayton Kershaw
100%
1988 NBA MVP | 1991 NBA MVP | 1992 NBA MVP | +2 others Michael Jordan
100%
2021 NBA MVP | 2022 NBA MVP | 2024 NBA MVP Nikola Jokic
100%
2023 MLB MVP(NL) Ronald Acuña Jr.
100%
2025 NBA MVP Shai Gilgeous-Alexander
100%
2003 MLB MVP(AL) | 2005 MLB MVP(AL) | 2007 MLB MVP(AL) Alex Rodriguez
83%
1978 MLB MVP(NL) Dave Parker
83%
2011 NBA MVP Derrick Rose
83%
2008 MLB MVP(AL) Dustin Pedroia
83%
2020 MLB MVP(NL) Freddie Freeman
83%
1994 NBA MVP Hakeem Olajuwon
83%
1999 MLB MVP(AL) Ivan Rodriguez
83%
2000 MLB MVP(AL) Jason Giambi
83%
2023 NBA MVP Joel Embiid
83%
2017 MLB MVP(AL) Jose Altuve
83%
1972 NBA MVP | 1974 NBA MVP | 1976 NBA MVP | +2 others Kareem Abdul-Jabbar
83%
2008 NBA MVP Kobe Bryant
83%
2009 NBA MVP | 2010 NBA MVP | 2012 NBA MVP | 2013 NBA MVP Lebron James
83%
1971 NBA MVP Lew Alcindor
83%
2018 MLB MVP(AL) Mookie Betts
83%
1973 MLB MVP(NL) Pete Rose
83%
1998 MLB MVP(NL) Sammy Sosa
83%
2000 NBA MVP Shaquille O'Neal
83%
2021 MLB MVP(AL) | 2023 MLB MVP(AL) | 2024 MLB MVP(NL) Shohei Ohtani
83%
2015 NBA MVP | 2016 NBA MVP Stephen Curry
83%
1984 MLB MVP(AL) Willie Hernandez
83%
1966 NBA MVP | 1967 NBA MVP | 1968 NBA MVP Wilt Chamberlain
83%
2005 MLB MVP(NL) | 2008 MLB MVP(NL) | 2009 MLB MVP(NL) Albert Pujols
67%
1978 NBA MVP Bill Walton
67%
1975 NBA MVP Bob McAdoo
67%
2012 MLB MVP(NL) Buster Posey
67%
1993 NBA MVP Charles Barkley
67%
1999 MLB MVP(NL) Chipper Jones
67%
1982 MLB MVP(NL) | 1983 MLB MVP(NL) Dale Murphy
67%
1973 NBA MVP Dave Cowens
67%
1992 MLB MVP(AL) Dennis Eckersley
67%
2007 NBA MVP Dirk Nowitzki
67%
1985 MLB MVP(AL) Don Mattingly
67%
1993 MLB MVP(AL) | 1994 MLB MVP(AL) Frank Thomas
67%
1975 MLB MVP(AL) Fred Lynn
67%
1987 MLB MVP(AL) George Bell
67%
1977 MLB MVP(NL) George Foster
67%
2017 MLB MVP(NL) Giancarlo Stanton
67%
2019 NBA MVP | 2020 NBA MVP Giannis Antetokounmpo
67%
2001 MLB MVP(AL) Ichiro Suzuki
67%
2018 NBA MVP James Harden
67%
1994 MLB MVP(NL) Jeff Bagwell
67%
1978 MLB MVP(AL) Jim Rice
67%
2009 MLB MVP(AL) Joe Mauer
67%
1975 MLB MVP(NL) | 1976 MLB MVP(NL) Joe Morgan
67%
1970 MLB MVP(NL) | 1972 MLB MVP(NL) Johnny Bench
67%
2020 MLB MVP(AL) José Abreu
67%
1988 MLB MVP(AL) Jose Canseco
67%
2015 MLB MVP(AL) Josh Donaldson
67%
2010 MLB MVP(AL) Josh Hamilton
67%
1981 NBA MVP Julius Erving
67%
2006 MLB MVP(NL) Justin Morneau
67%
1997 NBA MVP | 1999 NBA MVP Karl Malone
67%
1997 MLB MVP(AL) Ken Griffey Jr.
67%
2016 MLB MVP(NL) Kris Bryant
67%
1984 NBA MVP | 1985 NBA MVP | 1986 NBA MVP Larry Bird
67%
1987 NBA MVP | 1989 NBA MVP | 1990 NBA MVP Magic Johnson
67%
2012 MLB MVP(AL) | 2013 MLB MVP(AL) Miguel Cabrera
67%
1980 MLB MVP(NL) | 1981 MLB MVP(NL) | 1986 MLB MVP(NL) Mike Schmidt
67%
2014 MLB MVP(AL) | 2016 MLB MVP(AL) | 2019 MLB MVP(AL) Mike Trout
67%
1979 NBA MVP | 1982 NBA MVP | 1983 NBA MVP Moses Malone
67%
1973 MLB MVP(AL) Reggie Jackson
67%
1990 MLB MVP(AL) Rickey Henderson
67%
1966 MLB MVP(NL) Roberto Clemente
67%
1977 MLB MVP(AL) Rod Carew
67%
1986 MLB MVP(AL) Roger Clemens
67%
1981 MLB MVP(AL) Rollie Fingers
67%
2017 NBA MVP Russell Westbrook
67%
2011 MLB MVP(NL) Ryan Braun
67%
2005 NBA MVP | 2006 NBA MVP Steve Nash
67%
1969 NBA MVP Wes Unseld
67%
1970 NBA MVP Willis Reed
67%
2001 NBA MVP Allen Iverson
50%
1987 MLB MVP(NL) Andre Dawson
50%
2013 MLB MVP(NL) Andrew McCutchen
50%
1995 MLB MVP(NL) Barry Larkin
50%
1965 NBA MVP Bill Russell
50%
1968 MLB MVP(NL) Bob Gibson
50%
2015 MLB MVP(NL) | 2021 MLB MVP(NL) Bryce Harper
50%
1983 MLB MVP(AL) | 1991 MLB MVP(AL) Cal Ripken Jr.
50%
1967 MLB MVP(AL) Carl Yastrzemski
50%
2018 MLB MVP(NL) Christian Yelich
50%
2019 MLB MVP(NL) Cody Bellinger
50%
1972 MLB MVP(AL) Dick Allen
50%
1979 MLB MVP(AL) Don Baylor
50%
1969 MLB MVP(AL) Harmon Killebrew
50%
1974 MLB MVP(AL) Jeff Burroughs
50%
2010 MLB MVP(NL) Joey Votto
50%
1996 MLB MVP(AL) | 1998 MLB MVP(AL) Juan Gonzalez
50%
2011 MLB MVP(AL) Justin Verlander
50%
2014 NBA MVP Kevin Durant
50%
1989 MLB MVP(NL) Kevin Mitchell
50%
1988 MLB MVP(NL) Kirk Gibson
50%
1997 MLB MVP(NL) Larry Walker
50%
2002 MLB MVP(AL) Miguel Tejada
50%
2022 MLB MVP(NL) Paul Goldschmidt
50%
1982 MLB MVP(AL) | 1989 MLB MVP(AL) Robin Yount
50%
1984 MLB MVP(NL) Ryne Sandberg
50%
1974 MLB MVP(NL) Steve Garvey
50%
1976 MLB MVP(AL) Thurman Munson
50%
2002 NBA MVP | 2003 NBA MVP Tim Duncan
50%
1971 MLB MVP(AL) Vida Blue
50%
2004 MLB MVP(AL) Vladimir Guerrero
50%
1969 MLB MVP(NL) Willie McCovey
50%
1985 MLB MVP(NL) Willie McGee
50%
1965 MLB MVP(AL) Zoilo Versalles
50%
1970 MLB MVP(AL) Boog Powell
33%
1995 NBA MVP David Robinson
33%
1968 MLB MVP(AL) Denny McLain
33%
1966 MLB MVP(AL) Frank Robinson
33%
1980 MLB MVP(AL) George Brett
33%
2000 MLB MVP(NL) Jeff Kent
33%
1971 MLB MVP(NL) Joe Torre
33%
1996 MLB MVP(NL) Ken Caminiti
33%
2004 NBA MVP Kevin Garnett
33%
1995 MLB MVP(AL) Mo Vaughn
33%
1967 MLB MVP(NL) Orlando Cepeda
33%
1991 MLB MVP(NL) Terry Pendleton
33%
1965 MLB MVP(NL) Willie Mays
33%
2006 MLB MVP(AL) Ryan Howard
17%
2007 MLB MVP(NL) Jimmy Rollins
0%
1979 MLB MVP(NL) Keith Hernandez and Willie Stargell
0%
No matching quizzes found
Score Distribution
Percent of People with Each Score
Percentile by Number Answered
Your Score History
You have not taken this quiz since the last reset